000 00692nam a2200229 a 4500
999 _c935
_d935
001 935
003 BD-JhCC
005 20190301134006.0
008 171011s1996 bg ||||| |||| 00| 0 b d
020 _a9844150477
035 _a(BD-JhCC)935
040 _aBD-JhCC
_dBD-JhCC
041 _aeng
082 _223
_a891.443
_bCHA 1996
100 _aচট্টোপাধ্যায়, শরৎচন্দ্র
245 _aপল্লী-সমাজ /
_cশরৎচন্দ্র চট্টোপাধ্যায়
260 _aঢাকা :
_bঅবসর,
_c১৯৯৬
300 _a96 p. :
_c22cm.
650 _aBangali Novel
942 _2ddc
_cBK
_02